000 01259naa a22003617a 4500
001 BR9607876
003 BR-BrBNA
005 20240918181603.0
007 ta
008 230509b bl.||||| |||| 00| 0 por d
040 _aBR-BrBNA
_bpor
_cBiblioteca Nacional de Agricultura
041 _a(Pt)
072 _aQ03
_b9430
090 _aQ03 BR9607876
100 1 _aRodrigues, F.T.
100 1 _aVieira, M. das D.
100 1 _aSantos, J.L. dos
100 1 _aPierre, S.J.
100 1 _aAraujo, W.C.
100 1 _aAndrade, N.J. de
100 1 _aBrandao, S.C.C.
111 1 _a13. Congresso Nacional de Laticinios
_cJuiz de Fora, MG (Brazil)
_d17-21 Jul 1995
245 1 _aCaracteristicas microbiologicas de queijos tipo minas frescal comercializados em Vicosa - MG
260 3 _aJuiz de Fora, MG (Brasil):
_c1995.
500 _aAnais do 13. Congresso Nacional de Laticinios Juiz de Fora, MG (Brasil): 1995. p. 233-235 (BR9607876-AM)Q03
650 _aQueijo
650 _aAnalise Bacteriologica
650 _aInspecao Sanitaria
650 _aMinas Gerais
773 0 _tAnais do 13. Congresso Nacional de Laticinios
_wQ03 BR9607876
_gJuiz de Fora, MG (Brasil), 1995. p. 233-235
909 _a202404
_bLucia
_c55
_dLucia Elande
942 _cAM
_2AGRIS
999 _c325964
_d325964